000 00690nam a2200193 a 4500
008 120416s1983 ||||||||||||||||| || u
020 _a0030629217
050 _aGN 316 Hav
100 _aHaviland, William A
245 1 0 _aCultural anthropology. (4th ed.)
250 _a4th ed.
260 _aNew York :
_bHolt, Rinehart and Winston
_c1983
300 _axx, 504 p., [16] p. of plates : ill. (some col.)
350 _a0.00
500 _aBibliography: p. 486-495.
650 _aANTHROPOLOGY
650 0 _aETHNOLOGY
995 _D0.00
_FCBU-MAIN LIBRARY (Kitwe)
_H1
_I0.00
_M2
_UAVAILABLE
_WJun 12, 2007
_ZMain Library Open Access Collection
999 _c39276
_d39276